| 000 | 00600cam a22002171 4500 | ||
|---|---|---|---|
| 001 | 20977 | ||
| 003 | BD-RjUL | ||
| 005 | 20211209000632.0 | ||
| 008 | 140302s1962 enk 000 1 eng d | ||
| 035 | _a(OCoLC)39895856 | ||
| 035 | _a(BD-RjUL)21039 | ||
| 040 |
_aIaU _cIaU _dBD-RjUL _beng |
||
| 041 | _aeng | ||
| 082 | 0 | 0 |
_a808.23 _bBOA 1962 |
| 100 | 1 |
_aBowen, Elizabeth, _d1899-1973. _957164 |
|
| 245 | 1 | 0 |
_aAfter-thought : _cElizabeth Bowen. _bpieces about writing / |
| 260 |
_aLondon : _bLongmans, _cc1962. |
||
| 300 |
_a220p. ; _c23cm. |
||
| 650 | 0 |
_aFiction _xTechnique. _951866 |
|
| 942 |
_2ddc _cBK |
||
| 999 |
_c20977 _d20977 |
||